Transportation technology transfer : (Record no. 529875)

000 -LEADER
fixed length control field 01867cam a22004217a 4500
001 - CONTROL NUMBER
control field 14173089
003 - CONTROL NUMBER IDENTIFIER
control field NUST
005 - DATE AND TIME OF LATEST TRANSACTION
control field 20191004111303.0
008 - FIXED-LENGTH DATA ELEMENTS--GENERAL INFORMATION
fixed length control field 051118s2005 dcudk b 000 0 eng d
010 ## - LIBRARY OF CONGRESS CONTROL NUMBER
LC control number 2005937609
020 ## - INTERNATIONAL STANDARD BOOK NUMBER
International Standard Book Number 0309097622 (pbk.)
035 ## - SYSTEM CONTROL NUMBER
System control number (OCoLC)ocm65183600
038 ## - RECORD CONTENT LICENSOR
Staff Name MSOHAIL
040 ## - CATALOGING SOURCE
Original cataloging agency TRL
Transcribing agency TRL
Modifying agency DAY
-- DLC
042 ## - AUTHENTICATION CODE
Authentication code lccopycat
050 00 - LIBRARY OF CONGRESS CALL NUMBER
Classification number TE192
Item number .H37 2005
082 00 - DEWEY DECIMAL CLASSIFICATION NUMBER
Classification number 625.7
Edition number 22
100 1# - MAIN ENTRY--PERSONAL NAME
Personal name Harder, Barbara T.
9 (RLIN) 22376
245 10 - TITLE STATEMENT
Title Transportation technology transfer :
Remainder of title successes, challenges, and needs /
Statement of responsibility, etc. Barbara T. Harder and Robert Benke.
260 ## - PUBLICATION, DISTRIBUTION, ETC.
Place of publication, distribution, etc. Washington, D.C. :
Name of publisher, distributor, etc. Transportation Research Board, National Research Council,
Date of publication, distribution, etc. 2005.
300 ## - PHYSICAL DESCRIPTION
Extent 85 p. :
Other physical details charts, forms ;
Dimensions 28 cm.
490 1# - SERIES STATEMENT
Series statement NCHRP synthesis,
International Standard Serial Number 0547-5570 ;
Volume/sequential designation 355
500 ## - GENERAL NOTE
General note "Research sponsored by the American Association of State Highway and Transportation Officials in cooperation with the Federal Highway Administration."
504 ## - BIBLIOGRAPHY, ETC. NOTE
Bibliography, etc. note Includes bibliographical references (p. 47-49).
650 #0 - SUBJECT ADDED ENTRY--TOPICAL TERM
Topical term or geographic name entry element Highway research
Geographic subdivision United States.
9 (RLIN) 20088
650 #0 - SUBJECT ADDED ENTRY--TOPICAL TERM
Topical term or geographic name entry element Highway engineering
Geographic subdivision United States.
9 (RLIN) 21226
650 #0 - SUBJECT ADDED ENTRY--TOPICAL TERM
Topical term or geographic name entry element Transportation
General subdivision Research
Geographic subdivision United States.
9 (RLIN) 22374
650 #0 - SUBJECT ADDED ENTRY--TOPICAL TERM
Topical term or geographic name entry element Technology transfer
Geographic subdivision United States.
9 (RLIN) 21749
700 1# - ADDED ENTRY--PERSONAL NAME
Personal name Benke, Robert J.
9 (RLIN) 22874
710 2# - ADDED ENTRY--CORPORATE NAME
Corporate name or jurisdiction name as entry element National Cooperative Highway Research Program.
9 (RLIN) 20864
710 2# - ADDED ENTRY--CORPORATE NAME
Corporate name or jurisdiction name as entry element American Association of State Highway and Transportation Officials.
9 (RLIN) 19553
710 2# - ADDED ENTRY--CORPORATE NAME
Corporate name or jurisdiction name as entry element National Research Council (U.S.).
Subordinate unit Transportation Research Board.
9 (RLIN) 22875
830 #0 - SERIES ADDED ENTRY--UNIFORM TITLE
Uniform title Synthesis of highway practice ;
Volume/sequential designation 355.
9 (RLIN) 22876
906 ## - LOCAL DATA ELEMENT F, LDF (RLIN)
a 7
b cbc
c copycat
d 2
e epcn
f 20
g y-gencatlg
942 ## - ADDED ENTRY ELEMENTS (KOHA)
Source of classification or shelving scheme
Koha item type Book
Holdings
Withdrawn status Lost status Source of classification or shelving scheme Damaged status Not for loan Permanent Location Current Location Date acquired Total Checkouts Full call number Barcode Date last seen Price effective from Koha item type
          School of Civil and Environmental Engineering (SCEE) School of Civil and Environmental Engineering (SCEE) 10/04/2019   625.7 NIT-11163 10/04/2019 10/04/2019 Book
© 2023 Central Library, National University of Sciences and Technology. All Rights Reserved.